Methods in plant ecology

Gorde:
Xehetasun bibliografikoak
Egile nagusia: Peter D Moor
Formatua: Liburua
Hizkuntza:Undetermined
Argitaratua: London Backwell Scientific publications
Gaiak:
Etiketak: Etiketa erantsi
Etiketarik gabe, Izan zaitez lehena erregistro honi etiketa jartzen!
Thư viện lưu trữ: Trung tâm Học liệu Trường Đại học Cần Thơ
LEADER 00441nam a2200157Ia 4500
001 CTU_33310
008 210402s9999 xx 000 0 und d
082 |a 581.5 
082 |b M823 
100 |a Peter D Moor 
245 0 |a Methods in plant ecology 
245 0 |c Peter D Moor, S B Chapman 
260 |a London 
260 |b Backwell Scientific publications 
650 |a plant ecology 
980 |a Trung tâm Học liệu Trường Đại học Cần Thơ